[Event "Politiken Cup 2008"]
[Site "Helsingør DEN"]
[Date "2008.07.20"]
[Round "2.48"]
[White "Christensen, Bo Garner"]
[Black "Hansen, Mads"]
[Result "1-0"]
[WhiteElo "2247"]
[BlackElo "2041"]
[PlyCount "149"]
[EventDate "2008.07.20"]
[EventType "swiss"]
[EventRounds "9"]
[EventCountry "DEN"]
[Source "lmi"]
[SourceDate "2008.07.20"]
[WhiteTeam "Skovbo"]
[BlackTeam "Frem"]

1. e4 e5 2. Nf3 Nc6 3. Bb5 a6 4. Ba4 Nf6 5. d4 exd4 6. O-O Be7 7. Re1 b5 8. Bb3
d6 9. Bd5 Bb7 10. Nxd4 Nxd5 11. Nxc6 Bxc6 12. exd5 Bd7 13. Bg5 f6 14. Bh4 O-O
15. Nd2 Re8 16. Nb3 f5 17. Bxe7 Rxe7 18. Qd3 Qf8 19. Nd4 Rae8 20. Rxe7 Qxe7 21.
h3 Qe5 22. c4 Qe4 23. Qd2 bxc4 24. Nf3 Qe2 25. Qc3 Qe4 26. Rd1 c6 27. Rd4 Qb1+
28. Kh2 c5 29. Rxc4 Qxa2 30. Qc1 Bb5 31. Rh4 Qxd5 32. Qg5 Qf7 33. Rh6 g6 34.
Qh4 Qc4 35. Qg3 Kg7 36. Rh4 Qd3 37. Qg5 Kg8 38. Qh6 Re7 39. Qg5 Qe2 40. Rf4 Bd7
41. Qf6 Qe6 42. Qh4 Bc6 43. g3 Qf7 44. g4 Re4 45. Ng5 Qe7 46. gxf5 Re1 47. Qh6
gxf5 48. Rxf5 Qg7 49. Qxd6 Rh1+ 50. Kg3 Rg1+ 51. Kf4 Qd4+ 52. Qxd4 cxd4 53. Ne6
h6 54. Nxd4 Bd7 55. Rf6 Bxh3 56. Rxh6 Rg4+ 57. Ke5 Bf1 58. f4 Rg2 59. b3 Bd3
60. Rb6 Rg3 61. f5 Rg4 62. Ne6 a5 63. Kf6 Kh7 64. Rb8 Rg8 65. Rb7+ Kh6 66. Rd7
Rg3 67. Rd8 Bxf5 68. Kxf5 Rf3+ 69. Nf4 Rxb3 70. Rd6+ Kh7 71. Ra6 Rb5+ 72. Kf6
a4 73. Rxa4 Rb6+ 74. Ne6 Rb7 75. Ng5+ 1-0

[Event "Politiken Cup 2008"]
[Site "Helsingør DEN"]
[Date "2008.07.20"]
[Round "2.49"]
[White "Helin, Mikael"]
[Black "Klein, Felix"]
[Result "1/2-1/2"]
[WhiteElo "1933"]
[BlackElo "2241"]
[PlyCount "88"]
[EventDate "2008.07.20"]
[EventType "swiss"]
[EventRounds "9"]
[EventCountry "DEN"]
[Source "lmi"]
[SourceDate "2008.07.20"]
[WhiteTeam "Stockholm SS"]
[BlackTeam "Achener Schachverein"]

1. e4 c5 2. Nc3 e6 3. g3 d5 4. exd5 exd5 5. d4 Nf6 6. Bg5 Be6 7. Nf3 Nc6 8. Bb5
Be7 9. Bxf6 Bxf6 10. Ne5 O-O 11. Bxc6 bxc6 12. f4 Qa5 13. O-O cxd4 14. Qxd4 c5
15. Qd2 Bxe5 16. fxe5 Rfd8 17. Rf2 Rab8 18. b3 Rb4 19. Raf1 Rd4 20. Qg5 Rd7 21.
Ne2 h6 22. Qc1 Re4 23. Qb2 Qc7 24. Nf4 Rxe5 25. Nd3 Re3 26. Qc1 d4 27. Nf4 Re7
28. c4 Qc6 29. Ng2 Re5 30. Nf4 Kh8 31. Qc2 Bf5 32. Qd2 Be4 33. Qa5 Qd7 34. Qa6
Bb7 35. Ng6+ Kg8 36. Nxe5 Rxe5 37. Qb5 Bc6 38. Qb8+ Re8 39. Qf4 Re7 40. Qf5 Qd6
41. Qc8+ Re8 42. Qg4 Re7 43. Qc8+ Re8 44. Qg4 Re4 1/2-1/2

[Event "Politiken Cup 2008"]
[Site "Helsingør DEN"]
[Date "2008.07.20"]
[Round "2.51"]
[White "Johansen, Stian"]
[Black "Hanssen, Gunnar Berg"]
[Result "0-1"]
[WhiteElo "1905"]
[BlackElo "2232"]
[PlyCount "80"]
[EventDate "2008.07.20"]
[EventType "swiss"]
[EventRounds "9"]
[EventCountry "DEN"]
[Source "lmi"]
[SourceDate "2008.07.20"]
[WhiteTeam "Frederiksstad"]
[BlackTeam "Tromsø"]

1. e4 c5 2. Nf3 Nc6 3. d4 cxd4 4. Nxd4 g6 5. c4 Bg7 6. Be3 Nf6 7. Nc3 O-O 8.
Be2 d6 9. O-O Bd7 10. Rc1 Nxd4 11. Bxd4 Bc6 12. Qd3 a5 13. Nd5 Nd7 14. Bxg7
Kxg7 15. Qd4+ e5 16. Qe3 Bxd5 17. cxd5 Nc5 18. Kh1 f5 19. f3 fxe4 20. fxe4 Qh4
21. Bf3 Rf7 22. a3 Raf8 23. Rfd1 Qf4 24. Qxf4 Rxf4 25. Rc4 b5 26. Rc2 Nxe4 27.
Re1 Nc5 28. Rxc5 dxc5 29. Rxe5 Rd4 30. h3 c4 31. d6 Rf5 32. Re7+ Kf6 33. Rxh7
Rxd6 34. Rc7 Rd2 35. Rc6+ Kg7 36. Be4 Rf6 37. Rc7+ Kh6 38. a4 Rxb2 39. axb5
Rxb5 40. h4 Rf4 0-1

[Event "Politiken Cup 2008"]
[Site "Helsingør DEN"]
[Date "2008.07.20"]
[Round "2.52"]
[White "Nielsen, Rogvi Egilstoft"]
[Black "Pavlovskaia, Evgenia"]
[Result "0-1"]
[WhiteElo "1864"]
[BlackElo "2210"]
[PlyCount "124"]
[EventDate "2008.07.20"]
[EventType "swiss"]
[EventRounds "9"]
[EventCountry "DEN"]
[Source "lmi"]
[SourceDate "2008.07.20"]
[BlackTeam "Eslov SK"]

1. e4 c6 2. d4 d5 3. exd5 cxd5 4. c3 Nc6 5. Nf3 Nf6 6. Bd3 Bg4 7. O-O e6 8. Bg5
Be7 9. Re1 O-O 10. Nbd2 h6 11. Bxf6 Bxf6 12. h3 Bxf3 13. Nxf3 Qd6 14. Qe2 Bd8
15. Ne5 Nxe5 16. Qxe5 Qxe5 17. Rxe5 Bc7 18. Re2 Rab8 19. a4 Rfe8 20. b3 Rbc8
21. Rc2 Red8 22. Kf1 f6 23. Rd1 Bb6 24. b4 a5 25. bxa5 Bxa5 26. c4 dxc4 27.
Rxc4 Kf8 28. Rdc1 Rxc4 29. Rxc4 e5 30. Be4 exd4 31. Bxb7 Rd7 32. Bf3 d3 33. Rc1
d2 34. Rb1 Rd4 35. Bd1 Re4 36. g3 Re1+ 37. Kg2 Ke7 38. Rb7+ Kd6 39. Rb1 g5 40.
Kh2 h5 41. g4 h4 42. Kg2 Bc3 43. Rb6+ Kc5 44. Rb5+ Kd4 45. Rb1 Bb2 46. a5 Bc1
47. Bf3 Re5 48. Ra1 Re7 49. a6 Ra7 50. Kf1 Kd3 51. Ra5 Bb2 52. Rd5+ Bd4 53. Rd6
Re7 54. Be2+ Ke4 55. Bd1 Ke5 56. Rd8 Rc7 57. Ke2 Rc1 58. Re8+ Kf4 59. Bc2 Re1+
60. Kd3 Rxe8 61. Kxd4 Rd8+ 62. Kc5 Rc8+ 0-1

[Event "Politiken Cup 2008"]
[Site "Helsingør DEN"]
[Date "2008.07.20"]
[Round "2.53"]
[White "Angott, Juergen"]
[Black "Van Der Linde, Maurits"]
[Result "0-1"]
[WhiteElo "1597"]
[BlackElo "2205"]
[PlyCount "58"]
[EventDate "2008.07.20"]
[EventType "swiss"]
[EventRounds "9"]
[EventCountry "DEN"]
[Source "lmi"]
[SourceDate "2008.07.20"]
[WhiteTeam "SC Grunbach"]
[BlackTeam "SV Spijkenisse"]

1. g3 Nf6 2. Bg2 g6 3. Nf3 Bg7 4. O-O O-O 5. d4 d6 6. Nc3 c6 7. b3 Nbd7 8. Bb2
Rb8 9. a4 a5 10. e4 Qc7 11. Nd2 Rd8 12. f4 Nf8 13. Ne2 Ng4 14. Rf3 e5 15. h3
Nf6 16. fxe5 dxe5 17. Qf1 Ne8 18. d5 cxd5 19. exd5 Rxd5 20. Rc3 Qb6+ 21. Kh2
Rxd2 22. Be4 Bf5 23. Bxf5 gxf5 24. Bc1 Rxe2+ 25. Qxe2 e4 26. Be3 Qf6 27. Rc5
Qxa1 28. Rxf5 Rd8 29. Qc4 Nd6 0-1

[Event "Politiken Cup 2008"]
[Site "Helsingør DEN"]
[Date "2008.07.20"]
[Round "2.55"]
[White "Berth, Mikkel Knoth"]
[Black "Carlstedt, Jonathan"]
[Result "0-1"]
[WhiteElo "1566"]
[BlackElo "2203"]
[PlyCount "38"]
[EventDate "2008.07.20"]
[EventType "swiss"]
[EventRounds "9"]
[EventCountry "DEN"]
[Source "lmi"]
[SourceDate "2008.07.20"]
[WhiteTeam "Brønshøj"]
[BlackTeam "SK Marmsdorf"]

1. e4 c5 2. d4 cxd4 3. c3 Nf6 4. e5 Nd5 5. cxd4 Nc6 6. Bd3 Ndb4 7. Bc4 Nxd4 8.
a3 Nbc2+ 9. Kf1 Qc7 10. b3 Nxa1 11. Bb2 Naxb3 12. Bxb3 Nxb3 13. Qxb3 b6 14. f4
Ba6+ 15. Kf2 Qc4 16. Qd1 Qxf4+ 17. Nf3 e6 18. Bd4 Bb7 19. Be3 Bxf3 0-1

[Event "Politiken Cup 2008"]
[Site "Helsingør DEN"]
[Date "2008.07.20"]
[Round "2.56"]
[White "Van Zutphen, Jimmy"]
[Black "Rasmussen, Morten"]
[Result "1-0"]
[WhiteElo "2201"]
[BlackElo "1885"]
[PlyCount "37"]
[EventDate "2008.07.20"]
[EventType "swiss"]
[EventRounds "9"]
[EventCountry "DEN"]
[Source "lmi"]
[SourceDate "2008.07.20"]
[WhiteTeam "SV De Wijker Toren"]
[BlackTeam "Enkeltmedlem"]

1. d4 d5 2. c3 c6 3. Bg5 f6 4. Bh4 Nh6 5. e3 Nf5 6. Bg3 Nxg3 7. hxg3 Bf5 8. Bd3
Bxd3 9. Qxd3 g6 10. f4 Qc7 11. Nd2 Nd7 12. c4 dxc4 13. Nxc4 e5 14. Ne2 Bb4+ 15.
Kf2 O-O 16. Qb3 c5 17. Nb6+ Kg7 18. Nxa8 Rxa8 19. Rxh7+ 1-0

[Event "Politiken Cup 2008"]
[Site "Helsingør DEN"]
[Date "2008.07.20"]
[Round "2.57"]
[White "Hagen, Thorolf"]
[Black "Vanparys, Philip"]
[Result "0-1"]
[WhiteElo "1130"]
[BlackElo "2199"]
[PlyCount "66"]
[EventDate "2008.07.20"]
[EventType "swiss"]
[EventRounds "9"]
[EventCountry "DEN"]
[Source "lmi"]
[SourceDate "2008.07.20"]
[WhiteTeam "Kristiansand"]
[BlackTeam "TSM Schaakclub"]

1. e4 d6 2. d4 Nf6 3. Nc3 g6 4. Nf3 Bg7 5. Be2 O-O 6. O-O Bg4 7. Be3 Nc6 8. Rb1
a6 9. d5 Bxf3 10. Bxf3 Ne5 11. Be2 c5 12. dxc6 Nxc6 13. f3 Qa5 14. a3 Rac8 15.
Nd5 Nxd5 16. Qxd5 Qxd5 17. exd5 Nd4 18. Bd3 Nxc2 19. Bxc2 Rxc2 20. Rf2 Rfc8 21.
Rxc2 Rxc2 22. b4 b5 23. Bc1 Bd4+ 24. Kh1 f6 25. h4 Kg7 26. Kh2 h5 27. Kh3 Bf2
28. Rb2 Rxb2 29. Bxb2 Kf7 30. g4 e6 31. dxe6+ Kxe6 32. f4 f5 33. gxh5 gxh5 0-1

[Event "Politiken Cup 2008"]
[Site "Helsingør DEN"]
[Date "2008.07.20"]
[Round "2.58"]
[White "Rabus, Berthold"]
[Black "Nielsen, Palle"]
[Result "1/2-1/2"]
[WhiteElo "2198"]
[BlackElo "1864"]
[PlyCount "58"]
[EventDate "2008.07.20"]
[EventType "swiss"]
[EventRounds "9"]
[EventCountry "DEN"]
[Source "lmi"]
[SourceDate "2008.07.20"]
[WhiteTeam "SC Grunbach"]
[BlackTeam "Ålsgårde"]

1. d4 d5 2. Bf4 e6 3. e3 Bd6 4. Bg3 Bxg3 5. hxg3 Nf6 6. Nf3 Nc6 7. Bb5 Bd7 8.
Nbd2 Ne7 9. Bd3 h6 10. Ne5 a6 11. Qe2 Nc6 12. Nxc6 Bxc6 13. O-O-O Qe7 14. Nb3
Qb4 15. Nc5 O-O-O 16. g4 Bb5 17. f3 Bxd3 18. Qxd3 Nd7 19. Nxd7 Kxd7 20. Rh3 c5
21. dxc5 Qxc5 22. Qd4 Qxd4 23. exd4 f6 24. Re1 Kd6 25. f4 Rde8 26. Rhe3 Re7 27.
g5 hxg5 28. fxg5 f5 29. Rh3 Rxh3 1/2-1/2

[Event "Politiken Cup 2008"]
[Site "Helsingør DEN"]
[Date "2008.07.20"]
[Round "2.59"]
[White "Eriksen, Terje"]
[Black "Bjorneboe, Kristian"]
[Result "1/2-1/2"]
[WhiteElo "2190"]
[BlackElo "1850"]
[PlyCount "82"]
[EventDate "2008.07.20"]
[EventType "swiss"]
[EventRounds "9"]
[EventCountry "DEN"]
[Source "lmi"]
[SourceDate "2008.07.20"]
[WhiteTeam "Drammen"]
[BlackTeam "Ålsgårde"]

1. Nf3 Nf6 2. c4 e6 3. g3 d5 4. Bg2 c6 5. Qc2 Bd6 6. d4 Nbd7 7. O-O O-O 8. Nbd2
e5 9. cxd5 cxd5 10. dxe5 Nxe5 11. Nxe5 Bxe5 12. Nf3 Bd6 13. Rd1 Be6 14. Bg5 h6
15. Bxf6 Qxf6 16. Nd4 Rac8 17. Qd3 Be5 18. b3 Rfd8 19. Nxe6 fxe6 20. Rac1 Bc7
21. e3 Rf8 22. f4 Bb6 23. Bh3 d4 24. Rxc8 Rxc8 25. exd4 Rd8 26. Qe4 Rxd4 27.
Bxe6+ Kf8 28. Rxd4 Qxd4+ 29. Qxd4 Bxd4+ 30. Kg2 Ke7 31. Bc8 b6 32. Ba6 Kd6 33.
Kf3 Kc5 34. Ke4 Bg1 35. h3 Kb4 36. g4 Ka3 37. h4 Kxa2 38. Bc4 Ka3 39. f5 Bc5
40. g5 hxg5 41. hxg5 Be7 1/2-1/2

[Event "Politiken Cup 2008"]
[Site "Helsingør DEN"]
[Date "2008.07.20"]
[Round "2.60"]
[White "Suntharalingam, Jarani"]
[Black "Laursen, Niels Norskov"]
[Result "0-1"]
[WhiteElo "1000"]
[BlackElo "2190"]
[PlyCount "62"]
[EventDate "2008.07.20"]
[EventType "swiss"]
[EventRounds "9"]
[EventCountry "DEN"]
[Source "lmi"]
[SourceDate "2008.07.20"]
[WhiteTeam "OSS"]
[BlackTeam "K41"]

1. e4 c5 2. Nf3 e6 3. d4 cxd4 4. Nxd4 a6 5. Nc3 Qc7 6. g3 Bb4 7. Bf4 e5 8. Be3
exd4 9. Bxd4 f6 10. Bg2 Ne7 11. O-O O-O 12. Na4 Nbc6 13. Bb6 Qb8 14. Be3 Ba5
15. b4 Bc7 16. Rb1 b5 17. Nc5 d6 18. Nd3 Ne5 19. f4 Nc4 20. Bf2 Bb6 21. e5
Bxf2+ 22. Nxf2 Bb7 23. Re1 fxe5 24. fxe5 Bxg2 25. Kxg2 Qb7+ 26. Kg1 Nxe5 27.
Re3 Nf3+ 28. Kf1 Ng6 29. h4 Nge5 30. a3 Nc4 31. Rd3 Rae8 0-1

[Event "Politiken Cup 2008"]
[Site "Helsingør DEN"]
[Date "2008.07.20"]
[Round "2.61"]
[White "Rossen, Claus"]
[Black "Eiholt, Bjarne"]
[Result "1-0"]
[WhiteElo "2187"]
[BlackElo "1669"]
[PlyCount "65"]
[EventDate "2008.07.20"]
[EventType "swiss"]
[EventRounds "9"]
[EventCountry "DEN"]
[Source "lmi"]
[SourceDate "2008.07.20"]
[WhiteTeam "Tjele"]
[BlackTeam "K41"]

1. e4 c6 2. d4 d5 3. f3 dxe4 4. fxe4 e5 5. Nf3 Be6 6. Nc3 Bb4 7. a3 Ba5 8. Bg5
f6 9. Be3 Ne7 10. dxe5 fxe5 11. Qxd8+ Bxd8 12. Nxe5 Bc7 13. Nf3 Nd7 14. O-O-O
O-O-O 15. Bxa7 Bg4 16. Be3 Ne5 17. Be2 N7g6 18. h3 Be6 19. b3 Bd6 20. Rxd6 Rxd6
21. Nxe5 Nxe5 22. Bf4 Nd3+ 23. cxd3 Rd7 24. Na4 Rf7 25. Bg3 Rff8 26. Nc5 Bf7
27. Bg4+ Kd8 28. Nxb7+ Ke8 29. Nd6+ Ke7 30. e5 Ra8 31. Bh4+ Kf8 32. Rf1 Ra7 33.
e6 1-0

[Event "Politiken Cup 2008"]
[Site "Helsingør DEN"]
[Date "2008.07.20"]
[Round "2.62"]
[White "Schandorff, Lars"]
[Black "Frisvold, Ole Emil"]
[Result "1-0"]
[WhiteElo "2537"]
[BlackElo "1284"]
[PlyCount "61"]
[EventDate "2008.07.20"]
[EventType "swiss"]
[EventRounds "9"]
[EventCountry "DEN"]
[Source "lmi"]
[SourceDate "2008.07.20"]
[WhiteTeam "Helsinge"]
[BlackTeam "Bergens"]

1. d4 f5 2. g3 Nf6 3. Bg2 g6 4. c3 Bg7 5. Qb3 d5 6. Nh3 O-O 7. Nf4 e6 8. Nd3
Nbd7 9. Nd2 Ne4 10. Nf3 c5 11. Qa3 c4 12. Nde5 Nxe5 13. Nxe5 Qd6 14. Qxd6 Nxd6
15. b3 Nb5 16. Bb2 Bxe5 17. dxe5 cxb3 18. axb3 Bd7 19. c4 Nc7 20. Ba3 Rfc8 21.
O-O Bc6 22. Rfd1 Rd8 23. Bd6 Ne8 24. cxd5 Bxd5 25. Rxd5 exd5 26. Bxd5+ Kg7 27.
Bxb7 Nxd6 28. Bxa8 Rxa8 29. exd6 Kf7 30. Ra6 Ke6 31. b4 1-0

[Event "Politiken Cup 2008"]
[Site "Helsingør DEN"]
[Date "2008.07.20"]
[Round "2.63"]
[White "Cmilyte, Viktorija"]
[Black "Boje, Tobias"]
[Result "1-0"]
[WhiteElo "2508"]
[BlackElo "1979"]
[PlyCount "105"]
[EventDate "2008.07.20"]
[EventType "swiss"]
[EventRounds "9"]
[EventCountry "DEN"]
[Source "lmi"]
[SourceDate "2008.07.20"]
[BlackTeam "Viby"]

1. d4 d5 2. c4 e6 3. Nc3 Be7 4. Nf3 Nf6 5. Bg5 Nbd7 6. e3 O-O 7. Qc2 a6 8.
O-O-O dxc4 9. Bxc4 b5 10. Bd3 Bb7 11. Ne5 h6 12. Bxf6 Nxf6 13. f4 Rc8 14. Kb1
Bd6 15. Ne4 Nd5 16. Nc5 Bxc5 17. dxc5 c6 18. Bh7+ Kh8 19. e4 Ne3 20. Rxd8 Nxc2
21. Rxc8 Bxc8 22. Bg6 Ne3 23. Bxf7 Kh7 24. Bg6+ Kg8 25. g3 Rd8 26. Nxc6 Rd7 27.
Ne5 Rd2 28. Re1 Nc4 29. Nxc4 bxc4 30. Kc1 c3 31. bxc3 Rxa2 32. Rd1 Ra1+ 33. Kc2
Rxd1 34. Kxd1 Bd7 35. e5 Bc6 36. Ke2 a5 37. Kd3 a4 38. Kc4 Kf8 39. Kb4 Ke7 40.
Bc2 Kd8 41. Bxa4 Be4 42. Kc4 Kc7 43. Kd4 Bb1 44. Bb5 Bc2 45. Bd3 Ba4 46. g4 Bd1
47. f5 Bxg4 48. f6 gxf6 49. exf6 Bh5 50. Ke5 Bf7 51. Bc4 Kd7 52. Bxe6+ Bxe6 53.
c6+ 1-0

[Event "Politiken Cup 2008"]
[Site "Helsingør DEN"]
[Date "2008.07.20"]
[Round "2.65"]
[White "Marshall, Michael"]
[Black "Antonsen, Mikkel"]
[Result "0-1"]
[WhiteElo "1917"]
[BlackElo "2455"]
[PlyCount "92"]
[EventDate "2008.07.20"]
[EventType "swiss"]
[EventRounds "9"]
[EventCountry "DEN"]
[Source "lmi"]
[SourceDate "2008.07.20"]
[WhiteTeam "Odysseus"]
[BlackTeam "Næstved"]

1. d4 Nf6 2. Nf3 d5 3. e3 g6 4. b3 Bg7 5. Bb2 O-O 6. Be2 c5 7. O-O cxd4 8. exd4
Nc6 9. Nbd2 Bf5 10. Nh4 Bd7 11. Re1 Rc8 12. c4 Qb6 13. cxd5 Nxd5 14. Nc4 Qc7
15. Nf3 Rfd8 16. Nce5 Nxe5 17. Nxe5 Qc2 18. Ba3 Be6 19. Bd3 Qxd1 20. Raxd1 Nc3
21. Rc1 Nxa2 22. Rxc8 Rxc8 23. Bc4 Bxc4 24. bxc4 e6 25. c5 Nc3 26. f4 b6 27.
cxb6 axb6 28. Kf1 Nd5 29. g3 f6 30. Ng4 Kf7 31. Ne3 Nxe3+ 32. Rxe3 f5 33. d5
exd5 34. Re7+ Kg8 35. Rd7 Ra8 36. Bd6 d4 37. Be5 Bxe5 38. fxe5 Ra5 39. Rxd4
Rxe5 40. Rd8+ Kf7 41. Rb8 Rb5 42. Rb7+ Kg8 43. Rb8+ Kg7 44. Rb7+ Kh6 45. h4 Rb2
46. Rb8 Kh5 0-1

[Event "Politiken Cup 2008"]
[Site "Helsingør DEN"]
[Date "2008.07.20"]
[Round "2.66"]
[White "Botheim, Tor"]
[Black "Matthiesen, Martin"]
[Result "0-1"]
[WhiteElo "1964"]
[BlackElo "2345"]
[PlyCount "64"]
[EventDate "2008.07.20"]
[EventType "swiss"]
[EventRounds "9"]
[EventCountry "DEN"]
[Source "lmi"]
[SourceDate "2008.07.20"]
[WhiteTeam "1911"]
[BlackTeam "SK68"]

1. e4 c5 2. Nf3 Nc6 3. d4 cxd4 4. Nxd4 Nf6 5. Nc3 d6 6. Be2 e5 7. Nb3 h6 8. O-O
Be7 9. Kh1 O-O 10. f4 a5 11. a4 b6 12. Be3 Bb7 13. Nd2 Nd4 14. Bd3 Ne6 15. Nc4
Nxf4 16. Bxb6 Qb8 17. Be3 Nxd3 18. Qxd3 Ba6 19. Nd5 Nxd5 20. Qxd5 Qb4 21. b3
Bxc4 22. bxc4 Rac8 23. Bd2 Qxc4 24. Rfc1 Qxd5 25. exd5 Rc5 26. Be3 Rxd5 27. Ra3
Bg5 28. Bxg5 hxg5 29. h3 Rc8 30. Kg1 f6 31. Kf2 Rd2+ 32. Kf3 Rdxc2 0-1

[Event "Politiken Cup 2008"]
[Site "Helsingør DEN"]
[Date "2008.07.20"]
[Round "2.67"]
[White "Lund, Per"]
[Black "Humphrey, Jonathan"]
[Result "1-0"]
[WhiteElo "1878"]
[BlackElo "2289"]
[PlyCount "105"]
[EventDate "2008.07.20"]
[EventType "swiss"]
[EventRounds "9"]
[EventCountry "DEN"]
[Source "lmi"]
[SourceDate "2008.07.20"]
[WhiteTeam "Frederiksund"]

1. e4 e6 2. d4 d5 3. exd5 exd5 4. Nf3 Nc6 5. Be2 Bd6 6. O-O Nge7 7. Bg5 f6 8.
Bh4 Nf5 9. Bg3 Nxg3 10. hxg3 Ne7 11. c4 c6 12. Nc3 dxc4 13. Bxc4 Bf5 14. Re1
Qd7 15. d5 O-O-O 16. dxc6 Nxc6 17. Nh4 Bg4 18. Qa4 Kb8 19. Bb5 Rc8 20. Rac1 Be5
21. Nf3 Bxf3 22. gxf3 g5 23. Ne4 Qd4 24. Bxc6 Rxc6 25. Qxd4 Bxd4 26. Rxc6 bxc6
27. Kg2 Kc7 28. b3 a5 29. Rh1 h5 30. Rc1 Kb6 31. Nd6 c5 32. Nc4+ Kb5 33. Nd6+
Kc6 34. Nc4 Rd8 35. Rc2 Ra8 36. Re2 Kb5 37. Rc2 Ra6 38. Na3+ Kb4 39. Nc4 a4 40.
bxa4 Rxa4 41. Kf1 Ra6 42. Ne3 Bxe3 43. fxe3 c4 44. Ke2 Rd6 45. e4 c3 46. Ke3
Kc4 47. f4 Rd3+ 48. Ke2 Rxg3 49. e5 Rg2+ 50. Kd1 Rxc2 51. Kxc2 fxe5 52. fxg5
Kd5 53. a4 1-0

[Event "Politiken Cup 2008"]
[Site "Helsingør DEN"]
[Date "2008.07.20"]
[Round "2.69"]
[White "Jensen, Niels Christian"]
[Black "Angskog, Kent"]
[Result "0-1"]
[WhiteElo "1903"]
[BlackElo "2247"]
[PlyCount "46"]
[EventDate "2008.07.20"]
[EventType "swiss"]
[EventRounds "9"]
[EventCountry "DEN"]
[Source "lmi"]
[SourceDate "2008.07.20"]
[WhiteTeam "AS04"]
[BlackTeam "Hornsdal SK"]

1. c4 b6 2. Nc3 Bb7 3. e4 e6 4. d4 Bb4 5. d5 Qh4 6. Bd3 f5 7. Qe2 fxe4 8. Bxe4
Nf6 9. Bf3 O-O 10. dxe6 Nc6 11. g3 Qd4 12. Bd2 Qd6 13. Nb5 Bxd2+ 14. Qxd2 Qxe6+
15. Qe2 Qf5 16. O-O-O Nb4 17. g4 Nxa2+ 18. Kd2 Qf4+ 19. Qe3 Qxc4 20. Bxb7 Rae8
21. Qd4 Qxb5 22. Bf3 c5 23. Bd5+ Kh8 0-1

[Event "Politiken Cup 2008"]
[Site "Helsingør DEN"]
[Date "2008.07.20"]
[Round "2.70"]
[White "Roelvaag, Mikael"]
[Black "Fjellengen, Baard"]
[Result "1-0"]
[WhiteElo "2214"]
[BlackElo "1900"]
[PlyCount "77"]
[EventDate "2008.07.20"]
[EventType "swiss"]
[EventRounds "9"]
[EventCountry "DEN"]
[Source "lmi"]
[SourceDate "2008.07.20"]
[WhiteTeam "Narvik"]
[BlackTeam "Sarpsborg"]

1. d4 d5 2. Nf3 Nf6 3. c4 e6 4. Nc3 Bb4 5. e3 c6 6. Bd3 Nbd7 7. O-O Bxc3 8.
bxc3 Qa5 9. Qc2 b5 10. c5 Bb7 11. Bd2 Qc7 12. a4 a6 13. e4 dxe4 14. Bxe4 Nxe4
15. Qxe4 Nf6 16. Qh4 O-O 17. Rfe1 Rfd8 18. Bf4 Qe7 19. Bd6 Qe8 20. Qg3 Nh5 21.
Qh3 Nf6 22. g4 Nd5 23. g5 Bc8 24. Ne5 Rxd6 25. cxd6 Qd8 26. Qh5 g6 27. Qf3
Qxg5+ 28. Kh1 Qf5 29. Qxf5 gxf5 30. d7 Bb7 31. Nd3 Rd8 32. Nc5 Ba8 33. axb5
cxb5 34. Kg1 Nxc3 35. Rxa6 Bf3 36. Re3 Ne2+ 37. Kf1 Nxd4 38. Rd6 f4 39. Rxf3
1-0

[Event "Politiken Cup 2008"]
[Site "Helsingør DEN"]
[Date "2008.07.20"]
[Round "2.71"]
[White "Kelder, Sjoerd"]
[Black "Blomstrom, Lars"]
[Result "0-1"]
[WhiteElo "1798"]
[BlackElo "2197"]
[PlyCount "76"]
[EventDate "2008.07.20"]
[EventType "swiss"]
[EventRounds "9"]
[EventCountry "DEN"]
[Source "lmi"]
[SourceDate "2008.07.20"]
[WhiteTeam "HSV de Eenhoorn"]
[BlackTeam "ôrebro SS"]

1. c4 Nf6 2. Nc3 g6 3. g3 Bg7 4. Bg2 O-O 5. d3 e5 6. Rb1 a5 7. a3 d6 8. e3 Nc6
9. Nge2 Be6 10. b4 axb4 11. axb4 d5 12. b5 Na5 13. cxd5 Nxd5 14. O-O f5 15. Ba3
Rf7 16. Nxd5 Bxd5 17. Bxd5 Qxd5 18. Bb4 b6 19. Nc3 Qd7 20. Qf3 Re8 21. Bxa5
bxa5 22. Qc6 Qxc6 23. bxc6 Re6 24. Nd5 Rxc6 25. Rfc1 Rxc1+ 26. Rxc1 Rd7 27. e4
a4 28. Rc4 a3 29. Ra4 c6 30. Nb4 Bf8 31. Nxc6 Rxd3 32. Nxe5 Rd2 33. exf5 a2 34.
Kg2 gxf5 35. Nf3 Rb2 36. Ne5 Rc2 37. Nf3 Rc3 38. Ne5 Ra3 0-1

[Event "Politiken Cup 2008"]
[Site "Helsingør DEN"]
[Date "2008.07.20"]
[Round "2.72"]
[White "Rolvaag, Birk Anders"]
[Black "Reyer, Ulli"]
[Result "0-1"]
[WhiteElo "1829"]
[BlackElo "2178"]
[PlyCount "42"]
[EventDate "2008.07.20"]
[EventType "swiss"]
[EventRounds "9"]
[EventCountry "DEN"]
[Source "lmi"]
[SourceDate "2008.07.20"]
[WhiteTeam "Narvik"]
[BlackTeam "Greiffswalder"]

1. e4 e5 2. Nf3 Nc6 3. Bc4 Bc5 4. d3 Nf6 5. Bb3 d6 6. c3 Bb6 7. Nbd2 h6 8. O-O
Be6 9. Bc2 Ne7 10. Re1 g5 11. Nf1 Ng6 12. Be3 g4 13. N3d2 Nh5 14. Bxb6 axb6 15.
Ne3 Nhf4 16. Ndf1 Qg5 17. Nf5 Bxf5 18. exf5 Nh4 19. Ne3 Rg8 20. d4 Nf3+ 21.
gxf3 gxf3+ 0-1

[Event "Politiken Cup 2008"]
[Site "Helsingør DEN"]
[Date "2008.07.20"]
[Round "2.73"]
[White "Knudsen, Joakim Holm"]
[Black "Schultz-Pedersen, Jesper"]
[Result "0-1"]
[WhiteElo "1606"]
[BlackElo "2165"]
[PlyCount "64"]
[EventDate "2008.07.20"]
[EventType "swiss"]
[EventRounds "9"]
[EventCountry "DEN"]
[Source "lmi"]
[SourceDate "2008.07.20"]
[WhiteTeam "Allerød"]
[BlackTeam "Allerød"]

1. d4 Nc6 2. c4 e5 3. d5 Nce7 4. e4 Ng6 5. Nc3 Bc5 6. Nge2 Nf6 7. f3 a5 8. Ng3
d6 9. Bd2 c6 10. Na4 Ba7 11. Qc1 O-O 12. dxc6 bxc6 13. Be3 d5 14. Bxa7 Rxa7 15.
cxd5 cxd5 16. Qe3 d4 17. Qd2 Nf4 18. Ne2 Ne6 19. Rc1 Qd6 20. Ng3 Bd7 21. Nf5
Qb4 22. Nc5 Nxc5 23. Qxb4 axb4 24. Rxc5 Bxf5 25. exf5 Rxa2 26. Rc2 e4 27. Kf2
e3+ 28. Kg3 Ra1 29. Rc4 d3 30. Bxd3 Rxh1 31. Rxb4 Re8 32. Kf4 Nd5+ 0-1

[Event "Politiken Cup 2008"]
[Site "Helsingør DEN"]
[Date "2008.07.20"]
[Round "2.74"]
[White "Flindt, Thomas"]
[Black "Sjol, Henrik"]
[Result "1-0"]
[WhiteElo "2166"]
[BlackElo "1860"]
[PlyCount "119"]
[EventDate "2008.07.20"]
[EventType "swiss"]
[EventRounds "9"]
[EventCountry "DEN"]
[Source "lmi"]
[SourceDate "2008.07.20"]
[WhiteTeam "Næstved"]
[BlackTeam "Akademisk"]

1. d4 Nf6 2. Nc3 e6 3. e4 d5 4. exd5 exd5 5. Bd3 Be7 6. Nge2 O-O 7. O-O Nbd7 8.
Bf4 Re8 9. Nb5 Bd6 10. Bxd6 cxd6 11. Nxd6 Re6 12. Nf5 Nf8 13. Nf4 Rb6 14. Rb1
Ne6 15. Qd2 Ne4 16. Bxe4 dxe4 17. d5 Nxf4 18. Qxf4 Rf6 19. g4 Bxf5 20. gxf5
Qxd5 21. Rfe1 Rxf5 22. Qxe4 Rg5+ 23. Kh1 Qxe4+ 24. Rxe4 g6 25. Re7 Rb5 26. Rc7
Rd8 27. Re1 Rd2 28. Kg1 Rf5 29. Rf1 Rg5+ 30. Kh1 Rb5 31. b3 Rb6 32. Kg2 Rdd6
33. Re1 Rdc6 34. Ree7 Rxc7 35. Rxc7 a5 36. Rc8+ Kg7 37. Ra8 Rb5 38. c4 Re5 39.
Ra7 b6 40. Ra6 Re6 41. c5 bxc5 42. Rxa5 Rc6 43. Ra4 h5 44. Rc4 Ra6 45. a4 Rb6
46. Rc3 Kf6 47. Kf3 Ke6 48. Ke4 Rb4+ 49. Kd3 Kd5 50. Ke2 Kd6 51. Rf3 Ke6 52.
Kd2 Ke7 53. Kc3 Ke6 54. Re3+ Kd6 55. Rd3+ Ke6 56. Rd2 Ke5 57. a5 Rb5 58. Ra2
Rb7 59. a6 Ra7 60. Kc4 1-0